\

Research methods for business students / (Record no. 28728)

MARC details
000 -LEADER
fixed length control field 00724nam a2200217Ia 4500
001 - CONTROL NUMBER
control field a12069
003 - CONTROL NUMBER IDENTIFIER
control field SIRSI
008 - FIXED-LENGTH DATA ELEMENTS--GENERAL INFORMATION
fixed length control field 180606s2015 nyua e b 001 0 eng d
020 ## - INTERNATIONAL STANDARD BOOK NUMBER
International Standard Book Number 9781292016627
050 00 - LIBRARY OF CONGRESS CALL NUMBER
Classification number HD30.4
Item number .S28 2016
100 1# - MAIN ENTRY--PERSONAL NAME
Personal name Saunders, M. N. K.
245 10 - TITLE STATEMENT
Title Research methods for business students /
Statement of responsibility, etc. Mark Saunders, Philip Lewis, Adrian Thornhill.
250 ## - EDITION STATEMENT
Edition statement 7th ed.
260 ## - PUBLICATION, DISTRIBUTION, ETC.
Place of publication, distribution, etc. New York :
Name of publisher, distributor, etc. Pearson Education,
Date of publication, distribution, etc. 2016.
300 ## - PHYSICAL DESCRIPTION
Extent xxvi, 741 p. :
Other physical details ill. (some col.) ;
Dimensions 27 cm.
504 ## - BIBLIOGRAPHY, ETC. NOTE
Bibliography, etc. note Includes bibliographical references (p. 674-687) and index.
650 #0 - SUBJECT ADDED ENTRY--TOPICAL TERM
Topical term or geographic name entry element Business
General subdivision Research.
650 #0 - SUBJECT ADDED ENTRY--TOPICAL TERM
Topical term or geographic name entry element Business
General subdivision Research
-- Data processing.
700 1# - ADDED ENTRY--PERSONAL NAME
Personal name Lewis, Philip,
Dates associated with a name 1945-
700 1# - ADDED ENTRY--PERSONAL NAME
Personal name Thornhill, Adrian.
Holdings
Withdrawn status Lost status Source of classification or shelving scheme Damaged status Not for loan Collection Home library Current library Shelving location Cost, normal purchase price Total checkouts Full call number Barcode Date last seen Copy number Price effective from Koha item type
    Library of Congress Classification     College of Business Administration (COBA) MAIN MAIN General 228.75   HD30.4 .S28 2016 14070431 03/13/2021 1 11/19/2019 Books